History Quiz

Random History or Country Quiz

Darwin's Travel Log Quiz Stats

Quiz Updated Apr 18, 2014

Also try: Famous Explorers
Challenge
Share
Tweet
Embed
Score 0/27 Timer 04:00
2 Plays Today
Year Country % Correct
1832Brazil
91.1%
1836Brazil
91.1%
1832Argentina
90.3%
1833Argentina
90.3%
1833, 1834Argentina
90.3%
1834Argentina
90.3%
1833Chile
89%
1834Chile
89%
1834, 1835Chile
89%
1835Peru
82.7%
1831United Kingdom
82.1%
1833United Kingdom
82%
1834United Kingdom
82%
1836United Kingdom
82%
Year Country % Correct
1836United Kingdom
82%
1835Ecuador
77%
1836Australia
74.7%
1835France
73.7%
1835New Zealand
71.2%
1832Uruguay
67.5%
1833Uruguay
67.5%
1833Uruguay
67.5%
1836Portugal
64.4%
1836South Africa
58.4%
1832Cabo Verde
21.7%
1836Cabo Verde
21.5%
1836Mauritius
17.2%

You're not logged in!

Compare scores with friends on all Sporcle quizzes.
Join for Free
OR
Log In

You Might Also Like...

Show Comments

Extras

Top Quizzes Today


Score Distribution

Your Account Isn't Verified!

In order to create a playlist on Sporcle, you need to verify the email address you used during registration. Go to your Sporcle Settings to finish the process.

Report this User

Report this user for behavior that violates our Community Guidelines.

Details: